00000000nam##2200000za#4500
0019.621639
003CaOODSP
00520240212134142
007ta
008150406|1992||||xxc|||||     f|0| 0 fre|d
020 |a0-662-97663-0
022 |a1713-0646
040 |aCaOODSP|bfre
043 |an-cn---
0861 |aNE22-1/1992-11F
1101 |aCanada. |bOffice national de l'énergie.
24510|aTransCanada PipeLines Limited : |bprolongement Blackhorse
260 |aCalgary - Alberta : |bOffice national de l'énergie |cJuin 1992.
300 |a92p. : |bfigures, tableaux ; |c28 cm.
4901 |aMotifs de décision|x1713-0646
563 |aCouverture souple
69107|aIndustrie pétrolière|2gcpds
7760#|tMotifs de décision relativement à TransCanada PipeLines Limited |w(CaOODSP)9.602695
830#0|aMotifs de décision (Canada. Office national de l'énergie)|x1713-0646|w(CaOODSP)9.513162
986 |aGH-R-1-92